Issues and impacts of megaprojects in India (Record no. 110263)

000 -LEADER
fixed length control field 00432pab a2200169 454500
008 - FIXED-LENGTH DATA ELEMENTS--GENERAL INFORMATION
fixed length control field 180718b2015 xxu||||| |||| 00| 0 eng d
100 ## - MAIN ENTRY--PERSONAL NAME
Personal name Sahni, Sakshi
245 ## - TITLE STATEMENT
Title Issues and impacts of megaprojects in India
260 ## - PUBLICATION, DISTRIBUTION, ETC.
Date of publication, distribution, etc. 2015
300 ## - PHYSICAL DESCRIPTION
Extent p.18-33.
362 ## - DATES OF PUBLICATION AND/OR SEQUENTIAL DESIGNATION
Dates of publication and/or sequential designation Jan- Mar
650 ## - SUBJECT ADDED ENTRY--TOPICAL TERM
Topical term or geographic name entry element Project management - India
650 ## - SUBJECT ADDED ENTRY--TOPICAL TERM
Topical term or geographic name entry element Project management
700 ## - ADDED ENTRY--PERSONAL NAME
Personal name Aulakh, Rawal Singh
773 ## - HOST ITEM ENTRY
Main entry heading Nagarlok
909 ## -
-- 110268
Holdings
Withdrawn status Lost status Damaged status Not for loan Permanent Location Current Location Date acquired Serial Enumeration / chronology Barcode Date last seen Price effective from Koha item type
        Indian Institute of Public Administration Indian Institute of Public Administration 2018-07-19 Volume no: 47, Issue no: 1 AR110728 2018-07-19 2018-07-19 Articles

Powered by Koha